Nommez un Mot de Trois à Sept Lettres Valide A-Z - Statistiques

Statistiques générales
  • Ce quiz a été pris 65 589 fois
  • Le résultat moyen est 93 sur 128
Statistiques - réponses
# Lettres # Possible Exemple Mots % Correct
A 3 36 âge
95%
B 3 41 blé
95%
A 5 531 amour
95%
C 3 29 ces
94%
C 4 178 chez
94%
B 4 171 beau
93%
D 3 38 don
92%
A 4 166 avec
92%
B 5 585 boire
92%
C 5 666 chien
92%
D 4 134 dire
90%
B 6 1371 besoin
90%
C 6 1733 cheval
90%
F 3 35 feu
89%
M 3 40 mot
89%
D 5 384 doigt
88%
F 5 417 femme
88%
A 6 1250 animal
88%
F 4 137 faux
87%
C 7 3379 chanson
87%
E 3 22 eau
86%
L 3 34 lui
86%
P 3 37 par
86%
M 4 164 mais
86%
D 6 961 droite
86%
S 3 36 son
85%
G 4 114 gare
85%
L 4 136 lait
85%
P 4 194 pour
85%
N 3 26 non
84%
T 3 40 toi
84%
J 4 54 jour
84%
M 5 472 merci
84%
B 7 2234 binaire
84%
G 3 26 gaz
83%
R 3 37 roi
83%
E 4 80 elle
83%
N 4 92 nuit
83%
G 5 407 grand
83%
L 5 416 livre
83%
F 6 904 fermer
83%
G 6 923 garçon
83%
A 7 2453 anglais
83%
E 5 321 effet
82%
J 5 163 jeudi
82%
P 5 625 pomme
82%
M 6 1008 manger
82%
R 4 150 rire
81%
S 4 192 sept
81%
T 4 165 tête
81%
H 5 225 homme
81%
T 5 532 trois
81%
J 3 9 jeu
80%
V 3 20 vie
80%
V 4 85 vite
80%
S 5 595 salut
80%
E 6 1088 enfant
80%
D 7 2140 devenir
80%
H 3 19 hic
79%
O 3 31 oui
79%
Q 3 5 qui
79%
R 5 508 rouge
79%
L 6 791 lettre
79%
P 6 1422 parler
79%
I 3 15 ici
78%
H 4 80 hier
78%
N 5 219 nuage
78%
F 7 1534 fromage
78%
V 5 272 vache
77%
G 7 1427 général
77%
J 6 293 jamais
76%
R 6 1228 région
76%
S 6 1268 samedi
76%
T 6 1123 taille
76%
E 7 2676 exemple
76%
M 7 1777 musique
76%
I 4 56 idée
75%
H 6 429 humain
75%
N 6 392 nature
75%
P 7 2529 parfois
74%
O 6 407 oiseau
73%
L 7 1155 logique
73%
O 4 92 onze
72%
O 5 192 oncle
72%
V 6 568 vendre
71%
K 5 118 koala
70%
S 7 2131 seconde
70%
T 7 1784 travail
70%
R 7 2492 rivière
69%
I 5 130 image
68%
J 7 429 janvier
68%
V 7 867 vitesse
68%
Q 4 10 quoi
67%
Q 6 69 quatre
67%
Q 5 27 quand
66%
W 5 27 wagon
66%
H 7 637 heureux
66%
N 7 559 naturel
66%
O 7 655 origine
66%
U 3 8 une
64%
Z 3 13 zen
64%
Z 5 55 zèbre
63%
I 6 288 indice
63%
I 7 633 ignorer
62%
K 3 21 kif
61%
K 4 67 kiwi
61%
U 4 32 user
58%
Z 4 31 zéro
58%
U 5 56 union
58%
U 6 100 urgent
57%
Y 4 25 yeux
53%
Q 7 99 qualité
53%
Z 6 130 zénith
52%
W 6 36 whisky
51%
U 7 157 unifier
51%
K 6 154 karaté
50%
Y 3 7 yak
39%
Y 5 27 yacht
36%
Z 7 197 zinguer
36%
W 3 8 wok
35%
Y 6 42 yaourt
31%
W 4 18 watt
30%
K 7 164 karaoké
25%
X 5 10 xénon
23%
W 7 49 weekend
23%
Y 7 63 yiddish
23%
X 6 13 xénope
16%
X 7 10 xanthie
3%
Aucun quiz correspondant
Distribution des résultats
% des personnes avec chaque résultat
Percentile par nombre de réponses
Votre historique - résultats
Vous n’avez pas pris ce quiz